| 000 | 00612nam a2200157Ia 4500 | ||
|---|---|---|---|
| 008 | 100122s9999 xx 000 0 und d | ||
| 082 |
_b3562 _a821 |
||
| 100 | _aआनंदतनय | ||
| 245 | _aकवितासंग्रह -आनंदतनयकृत | ||
| 260 |
_bसदाशिव यादवराव काकडे _c1935 |
||
| 300 | _a70 | ||
| 630 | _aकवितासंग्रह -आनंदतनयकृत | ||
| 700 | _aकाकडे सदाशिव यादवराव | ||
| 730 | _aकवितासंग्रह -आनंदतनयकृत | ||
| 942 | _cBOOK | ||
| 999 |
_c397543 _d397540 |
||